书目信息 |
| 题名: |
工程力学
|
|
| 作者: | 苏炜 主编 | |
| 分册: | ||
| 出版信息: | 武汉 武汉工业大学出版社 2000.09 |
|
| 页数: | 243页 | |
| 开本: | 26cm | |
| 丛书名: | ||
| 单 册: | ||
| 中图分类: | TB12 | |
| 科图分类: | ||
| 主题词: | 工程力学 | |
| 电子资源: | ||
| ISBN: | 7-5629-1551-2 | |
| 000 | 00520nam0 2200193 45 | |
| 001 | 0259344410 | |
| 005 | 2002040816290369 | |
| 010 | @a7-5629-1551-2@dRMB 20.00 | |
| 100 | @a20020408d2000 km y0chiy0120 ea | |
| 101 | 0 | @achi |
| 102 | @aCN@b420000 | |
| 200 | 1 | @a工程力学@Agong cheng li xue@f苏炜主编@FSu Wei Zhu Bian |
| 210 | @a武汉@c武汉工业大学出版社@d2000.09 | |
| 215 | @a243页@d26cm | |
| 606 | 0 | @a工程力学 |
| 690 | @aTB12@v3 | |
| 701 | 0 | @a苏炜@ASu Wei@4主编 |
| 801 | 0 | @aCN@bPFT@c20020408 |
| 905 | @a10447@dTB12@eS857 | |
| 工程力学/苏炜主编.-武汉:武汉工业大学出版社,2000.09 |
| 243页;26cm |
| ISBN 7-5629-1551-2:RMB 20.00 |
| ● |
| 相关链接 |
|
|
|
正题名:工程力学
索取号:TB12/S857
 
预约/预借
| 序号 | 登录号 | 条形码 | 馆藏地/架位号 | 状态 | 备注 |
| 1 | 356340 | 203563401 | 自科库501/501自科库 3排1列3层/ [索取号:TB12/S857] | 在馆 | |
| 2 | 356341 | 203563410 | 自科库501/501自科库 3排1列3层/ [索取号:TB12/S857] | 在馆 | |
| 3 | 356342 | 203563429 | 自科库501/501自科库 3排1列3层/ [索取号:TB12/S857] | 在馆 |